000 00256nam a22001097a 4500
082 _a340
100 _aGarg,Sandeep
245 _aThe Transfer Of Property Act,1882
260 _aDelhi
_bCommercial Law Publishers
_c2025
650 _aLAW
942 _cC. BOOKS
999 _c68245
_d68245